| 000 | 01023aam a2200313 i 4500 | ||
|---|---|---|---|
| 001 | 768714001 | ||
| 003 | CO-MdFUSB | ||
| 005 | 20230921160529.0 | ||
| 007 | ta | ||
| 008 | 230921t1972 -us |||| |||| 00| 0 eng d | ||
| 020 | _a0877844410 | ||
| 040 |
_bspa. _aCO-MdFUSB _cCO-MdFUSB _dCO-MdFUSBC _erda |
||
| 041 | _aeng | ||
| 082 | 0 | 4 |
_a253.52 _223 _bS8885y |
| 100 | 1 |
_aStott, John R. W. _eautor |
|
| 245 | 1 | 0 |
_aYour mind matters : _bthe place of the mind in the christian life _c/ John R. W. Stott |
| 264 | 1 |
_aDowners Grove, ILL., USA : _bInterVarsity Press, _c[1972] |
|
| 264 | 4 | _c©1972 | |
| 300 |
_a64 páginas _c; 18 cm |
||
| 336 |
_atexto _btxt _2rdacontent |
||
| 337 |
_2rdamedia _asin mediación _bn |
||
| 338 |
_2rdacarrier _avolumen _bnc |
||
| 505 | _aCristianismo sin sentido. -- ¿Por qué usar nuestra mente? -- La mente de la vida cristiana. -- Actuando sobre nuestro conocimiento | ||
| 563 | _aRústico | ||
| 650 | 0 |
_919 _aVida cristiana |
|
| 942 | _cBK | ||
| 945 | _aJTF-925 | ||
| 999 |
_c36782 _d36782 |
||